zpět

Detail výsledku týmu

Hells Bells Beer Pub, Praha

Datum a čas kvízu

33.5 Celkem bodů Celkový počet nahraných bodů na tomto kvízu bez doplňovacích otázek.
10. Pořadí na kvízu Konečné umístění týmu na tomto kvízu.

Zaznamenané odpovědi

# Otázka Odpověď Body Výsledky
1. Minulý týden nastal poměrně vz... 9. 10. (2019) 0
2. Nobelovu cenu míru získal muž... Etiopie, premiér 1
3. Známá australská zpěvačka se m... Natalie Imbruglia 0
4. Provozovatelé pražských prodej... Botas 1
5. V pátek se v Praze odehrál zá... Vladimír Darida 1
6. Téma o Brazílii zvítězilo ve f... pátou a pátou 1
7. Pokud bychom chtěli v říjnu 20... v Curychu 0
8. Tento světově proslulý brazils... Oscar Niemeyer 0
9. Typické brazilské jídlo se jme... fazole 1
10. Co se týče slavných osobností,... Alessandra Ambrosio 0